Eat right 4 (for) your type : (Record no. 542226)
[ view plain ]
| 000 -LEADER | |
|---|---|
| fixed length control field | 00861cam a2200229 a 4500 |
| 020 ## - INTERNATIONAL STANDARD BOOK NUMBER | |
| International Standard Book Number | 039914255X (acidfree paper) |
| 082 00 - DEWEY DECIMAL CLASSIFICATION NUMBER | |
| Classification number | 297.1325 |
| Author Mark | PET |
| -- | D |
| 100 1# - MAIN ENTRY--PERSONAL NAME | |
| Personal name | D'Adamo, Peter. |
| 9 (RLIN) | 37330 |
| 245 10 - TITLE STATEMENT | |
| Title | Eat right 4 (for) your type : |
| Remainder of title | the individualized diet solution to staying healthy, living longer & achieving your ideal weight : 4 blood types, 4 diets / |
| Statement of responsibility, etc. | Peter J. D'Adamo, with Catherine Whitney. |
| 260 ## - PUBLICATION, DISTRIBUTION, ETC. | |
| Place of publication, distribution, etc. | New York : |
| Name of publisher, distributor, etc. | G.P. Putnam's Sons, |
| Date of publication, distribution, etc. | c1996. |
| 300 ## - PHYSICAL DESCRIPTION | |
| Extent | xix, 392 p. : |
| Other physical details | ill., maps ; |
| Dimensions | 24 cm. |
| 526 ## - STUDY PROGRAM INFORMATION NOTE | |
| Program name | 0 |
| Interest level | 0 |
| Reading level | 0 |
| Title point value | 297_132500000000000_PET |
| 526 ## - STUDY PROGRAM INFORMATION NOTE | |
| Program name | 0 |
| Interest level | 0 |
| Reading level | 0 |
| Title point value | 297_132500000000000_PET |
| 650 #0 - SUBJECT ADDED ENTRY--TOPICAL TERM | |
| Topical term or geographic name entry element | Blood groups. |
| 9 (RLIN) | 37331 |
| 650 #0 - SUBJECT ADDED ENTRY--TOPICAL TERM | |
| Topical term or geographic name entry element | Health. |
| 9 (RLIN) | 3553 |
| 650 #0 - SUBJECT ADDED ENTRY--TOPICAL TERM | |
| Topical term or geographic name entry element | Human evolution. |
| 9 (RLIN) | 10892 |
| 650 #0 - SUBJECT ADDED ENTRY--TOPICAL TERM | |
| Topical term or geographic name entry element | MCE |
| 9 (RLIN) | 379 |
| 650 #0 - SUBJECT ADDED ENTRY--TOPICAL TERM | |
| Topical term or geographic name entry element | Nutrition. |
| 9 (RLIN) | 37332 |
| 650 #0 - SUBJECT ADDED ENTRY--TOPICAL TERM | |
| Topical term or geographic name entry element | Weight loss. |
| 9 (RLIN) | 8074 |
| 700 1# - ADDED ENTRY--PERSONAL NAME | |
| Personal name | Whitney, Catherine. |
| 9 (RLIN) | 37333 |
| 942 ## - ADDED ENTRY ELEMENTS (KOHA) | |
| Source of classification or shelving scheme | |
| Koha item type | Book |
| Withdrawn status | Lost status | Source of classification or shelving scheme | Damaged status | Not for loan | Permanent Location | Current Location | Date acquired | Total Checkouts | Full call number | Barcode | Date last seen | Date last checked out | Price effective from | Koha item type |
|---|---|---|---|---|---|---|---|---|---|---|---|---|---|---|
| Military College of Engineering (MCE) | Military College of Engineering (MCE) | 09/26/2013 | 1 | 297.1325 PET | MCE-36617 | 03/29/2017 | 02/21/2017 | 09/26/2013 | Book | |||||
| Military College of Engineering (MCE) | Military College of Engineering (MCE) | 09/26/2013 | 297.1325 PET | MCE-36618 | 09/26/2013 | 09/26/2013 | Book |
